Representation (Record no. 216521)
[ view plain ]
| 000 -LEADER | |
|---|---|
| fixed length control field | 01569nam a22002297a 4500 |
| 005 - DATE AND TIME OF LATEST TRANSACTION | |
| control field | 20211008113800.0 |
| 008 - FIXED-LENGTH DATA ELEMENTS--GENERAL INFORMATION | |
| fixed length control field | 211008b ||||| |||| 00| 0 eng d |
| 020 ## - INTERNATIONAL STANDARD BOOK NUMBER | |
| International Standard Book Number | 9781849205634 |
| 040 ## - CATALOGING SOURCE | |
| Transcribing agency | AL |
| 041 ## - LANGUAGE CODE | |
| Language code of text/sound track or separate title | eng |
| 082 ## - DEWEY DECIMAL CLASSIFICATION NUMBER | |
| Edition number | 23 |
| Classification number | 306 |
| Item number | HALR |
| 100 ## - MAIN ENTRY--PERSONAL NAME | |
| Personal name | Stuart Hall |
| 9 (RLIN) | 922 |
| 245 ## - TITLE STATEMENT | |
| Title | Representation |
| 250 ## - EDITION STATEMENT | |
| Edition statement | 2nd ed. |
| 260 ## - PUBLICATION, DISTRIBUTION, ETC. | |
| Place of publication, distribution, etc. | London |
| Name of publisher, distributor, etc. | Sage Publications |
| Date of publication, distribution, etc. | 2013 |
| 300 ## - PHYSICAL DESCRIPTION | |
| Extent | xxvi,410p. |
| Other physical details | PB |
| Dimensions | 23x18cm |
| 365 ## - TRADE PRICE | |
| Source of price type code | General |
| Price type code | 297 |
| Price amount | ₹3038.14 |
| Currency code | ₹ |
| Unit of pricing | ₹3895.05 |
| Price note | 22% |
| Price effective from | 27-04-2021 |
| 520 ## - SUMMARY, ETC. | |
| Summary, etc. | Since 1997 Representation has been the key go-to textbook for students learning the tools to question and critically analyze institutional and media texts and images. This long-awaited Second Edition:<br/>• update and refreshes the approach to theories of representation by signaling key developments in the field<br/>• addresses the emergence of new technologies and formats of representation, from the internet and the digital revolution to reality TV<br/>• includes an entirely new chapter on celebrity culture and personalization, to debates about representation and democracy, and involve illustrations of an intertextual nature, cutting across various technologies and formats in which ′the real′ or the authentic makes an appearance<br/>• offers new exercises, new readings, new images and examples for a new generation of students<br/>This book will once again prove an indispensable resource for students and teachers in cultural and media studies. |
| 650 ## - SUBJECT ADDED ENTRY--TOPICAL TERM | |
| 9 (RLIN) | 923 |
| Topical term or geographic name entry element | Representation |
| 700 ## - ADDED ENTRY--PERSONAL NAME | |
| Personal name | Evans, Jessica; Nixon, Sean |
| 9 (RLIN) | 924 |
| 942 ## - ADDED ENTRY ELEMENTS (KOHA) | |
| Source of classification or shelving scheme | Dewey Decimal Classification |
| Koha item type | Book |
| Withdrawn status | Lost status | Source of classification or shelving scheme | Damaged status | Not for loan | Collection code | Home library | Current library | Date acquired | Source of acquisition | Cost, normal purchase price | Total Checkouts | Full call number | Barcode | Date last seen | Date last checked out | Cost, replacement price | Koha item type |
|---|---|---|---|---|---|---|---|---|---|---|---|---|---|---|---|---|---|
| Dewey Decimal Classification | MA English | St Aloysius PG Library | St Aloysius PG Library | 07/05/2021 | Biblios Book Point | 3038.14 | 3 | 306 HALR | PG023431 | 05/22/2023 | 02/08/2023 | 3895.02 | Book |